000 01987cam a22001934a 4500
005 20250827124629.0
008 250528s ||||||||||||||||||||||||d
035 _a17350
020 _a9603590916
040 _aGR-AtMCL
_bgre
_dGR-AtMCL
_eAACR2
245 1 _aΣτρατηγική των Επιχειρήσεων / Ελληνική και Διεθνής Εμπειρία Τόμος Α': Θεωρία
260 _bΕ. Μπένου,
_c2002
300 _a608
520 _aΤο βιβλίο αυτό πρέπει να γίνει απαραίτητο βοήθημα για όλους τους φοιτητές και στελέχη επιχειρήσεων που ενδιαφέρονται για τη στρατηγική. Εισροές για Εκκίνηση Στρατηγικής Σκέψης, Τι είναι Στρατηγική, Στρατηγική Ανάλυση του Εξωτερικού και Εσωτερικού Περιβάλλοντος, Εταιρική Αποστολή - Όραμα, Οι Τρεις Βασικές Θεωρήσεις της Στρατηγικής, Διαμόρφωση και Είδος Στρατηγικής, Επιχειρηματική Στρατηγική Ανάπτυξης (Corporate Growth Strategy), Επιχειρηματική Στρατηγική Διάσωσης/ Αναστροφής (Corporate Turnaround/ Retrenchment Strategy), Στρατηγικές Επίτευξης Ανταγωνιστικού Πλεονεκτήματος, Στρατηγική Διεθνοποίησης, Τρόποι Υλοποίησης Στρατηγικής, Στρατηγικές Συμμαχίες: Διεθνής και Ελληνική Εμπειρία, Αξιολόγηση και Επιλογή και Υλοποίηση Στρατηγικής, Λήψη Στρατηγικών Αποφάσεων, Βιβλιογραφία.
700 1 _aΠαπαδάκης, Βασίλης Μ.
_93508
942 _cBK
999 _c2776
_d2776